00849nam a2200193 a 450000100100000000500170001000800410002704000130006808200160008110000290009724501130012626000490023930000200028850000910030804900090039995201130040895201190052199900150064000000924120200929161529.0090929s2007 dr 001 0 spa d aDO-SdBNP axxxxbC335d1 aCasas, Félix F.92393810aDéjame fluir y llagaré a la esencia de mi manantial interior sin ningún esfuerzo: /cFélix F. Casas. aSanto Domingo :bAkeru Publicaciones,c2007. a52 p. ;c22 cm. aAspectos experimentales filosóficos y espirituales de la medicina espiral eclética aBNPD 0010718PDaPDbPDcCTd2009-09-29iLF1l0oxxxx C335dp9241-10r2020-06-25w2020-06-25yLFPDZNo se presta 0010718PDaPDbPDcCTd2011-04-19iLF1l0oxxxx C335dp9241-20r2020-06-25te. 2w2020-06-25yLFPDZNo se presta c9004d9004